[Event "Titled Tuesday intern op 30th Apr Late"]
[Site "Chess.com INT"]
[Date "2024.04.30"]
[Round "4"]
[White "Trost, Edvin"]
[Black "Gallo Garcia, Kemel Antonio"]
[Result "0-1"]
[WhiteElo "2434"]
[BlackElo "2397"]
[PlyCount "130"]
[EventDate "2024.04.30"]
[EventType "swiss (blitz)"]
[EventRounds "11"]
[EventCountry "USA"]
[SourceTitle "EXT 2025"]
[Source "ChessBase"]
[SourceDate "2024.10.14"]
[SourceVersion "1"]
[SourceVersionDate "2024.10.14"]
[SourceQuality "1"]

1. e4 e5 2. Nf3 Nc6 3. Bc4 Bc5 4. c3 Nf6 5. d3 d6 6. Bg5 h6 7. Bh4 g5 8. Bg3 Qe7 9. Nbd2 a5 10. Nf1 0-0 11. Ne3 Bxe3 12. fxe3 Be6 13. Bxe6 fxe6 14. Qe2 Kg7 15. 0-0-0 b5 16. d4 Rab8 17. dxe5 Nxe4 18. exd6 cxd6 19. Nd4 Rfc8 20. Nxc6 Rxc6 21. Qf3 Rc4 22. Rd4 Nxg3 23. hxg3 Rf8 24. Qh5 Rf6 25. Rxc4 bxc4 26. Qg4 d5 27. e4 Qc5 28. exd5 Qe3+ 29. Kb1 Qd3+ 30. Kc1 Qe3+ 31. Kb1 Qd3+ 32. Kc1 Rf2 33. Qd1 Qe3+ 34. Kb1 Rd2 35. Qh5 Qd3+ 36. Ka1 Qg6 37. Qxg6+ Kxg6 38. dxe6 Re2 39. b3 cxb3 40. axb3 Rxe6 41. Kb2 Re2+ 42. Ka3 Rxg2 43. c4 Rxg3 44. c5 Rc3 45. Ka4 Rxc5 46. Re1 Rd5 47. Re6+ Kh5 48. Re4 g4 49. Rd4 Rxd4+ 50. Kxa5 Rd3 51. b4 Rd4 52. b5 Rd5 53. Kb4 Rxb5+ 54. Kxb5 g3 55. Kc4 g2 56. Kd3 g1Q 57. Ke4 Qg4+ 58. Ke5 Kg5 59. Kd6 h5 60. Ke7 h4 61. Kf8 h3 62. Kg7 h2 63. Kg8 h1Q 64. Kg7 Qd7+ 65. Kg8 Qa8# 0-1

[Event "Titled Tuesday intern op 05th Mar Late"]
[Site "Chess.com INT"]
[Date "2024.03.05"]
[Round "8"]
[White "Olsen, Filip Boe"]
[Black "Gallo Garcia, Kemel Antonio"]
[Result "1-0"]
[WhiteElo "2456"]
[BlackElo "2397"]
[PlyCount "114"]
[EventDate "2024.03.05"]
[EventType "swiss (blitz)"]
[EventRounds "11"]
[EventCountry "USA"]
[SourceTitle "EXT 2025"]
[Source "ChessBase"]
[SourceDate "2024.10.14"]
[SourceVersion "1"]
[SourceVersionDate "2024.10.14"]
[SourceQuality "1"]

1. d4 Nf6 2. Nf3 g6 3. Bf4 Bg7 4. e3 0-0 5. Be2 c5 6. c3 d6 7. 0-0 Qb6 8. Qb3 Be6 9. Qxb6 axb6 10. a3 Nh5 11. Bg5 f6 12. Bh4 g5 13. Nfd2 gxh4 14. Bxh5 f5 15. Bf3 Ra7 16. h3 Nd7 17. Be2 f4 18. Bc4 d5 19. Bd3 fxe3 20. fxe3 Raa8 21. Rxf8+ Rxf8 22. Nf3 Bh6 23. Kf2 Bf7 24. Nbd2 Bh5 25. Re1 e5 26. Bb5 cxd4 27. cxd4 Nf6 28. dxe5 Ne4+ 29. Kg1 Nxd2 30. Nxd2 d4 31. Nf1 dxe3 32. Nxe3 Bf4 33. e6 Bg3 34. Rf1 Rxf1+ 35. Kxf1 Bd6 36. Nf5 Bc5 37. e7 Bxe7 38. Nxe7+ Kf7 39. Nd5 Ke6 40. Nxb6 Kd6 41. Be2 Bg6 42. Nc4+ Kd5 43. Na5 b6 44. Nc4 b5 45. Na5 Kd4 46. Bxb5 h5 47. Be2 Ke3 48. Nc4+ Kf4 49. b4 Kg3 50. b5 Kh2 51. b6 Be4 52. Ne3 Kh1 53. a4 Kh2 54. a5 Kg3 55. a6 Kf4 56. b7 Kxe3 57. b8Q Bb7 1-0

[Event "Wch U20 60th"]
[Site "Mexico City"]
[Date "2023.09.27"]
[Round "6"]
[White "Montes Orozco, Miguel Angel"]
[Black "Gallo Garcia, Kemel Antonio"]
[Result "0-1"]
[WhiteElo "2083"]
[BlackElo "2356"]
[PlyCount "68"]
[EventDate "2023.09.21"]
[EventType "swiss"]
[EventRounds "11"]
[EventCountry "MEX"]
[SourceTitle "CBM 216 Extra"]
[Source "ChessBase"]
[SourceDate "2023.11.30"]
[SourceVersion "1"]
[SourceVersionDate "2023.11.30"]
[SourceQuality "1"]

1. Nf3 d5 2. d4 Nf6 3. c4 e6 4. g3 Bb4+ 5. Bd2 a5 6. Bg2 0-0 7. Qc2 c5 8. 0-0 cxd4 9. Nxd4 e5 10. Bxb4 axb4 11. Nf3 e4 12. Nd4 Nc6 13. e3 Nxd4 14. exd4 Bf5 15. Nd2 Rc8 16. c5 b6 17. Nb3 bxc5 18. dxc5 Nd7 19. Rfd1 Ne5 20. h3 Qd7 21. Qd2 Nd3 22. Bf1 d4 23. Bxd3 exd3 24. Qf4 Rfd8 25. Rac1 Qd5 26. Kh2 Rc6 27. g4 Bg6 28. Re1 Rf6 29. Qg3 h5 30. f4 hxg4 31. Re5 Qa8 32. a3 bxa3 33. Ra1 a2 34. Qxg4 Qb8 0-1